000
00238nam a2200097Ia 4500
008
230508s2005 xx 000 0 und d
041
_a
eng
100
_a
PHAKATKAR H.G
245
_a
THEORY OF MACHINES II
260
_b
NIRALI PUBLI.PUNE
_c
2005
999
_c
342385
_d
342385